<?xml version="1.0" encoding="UTF-8"?>
<collection xmlns="http://www.loc.gov/MARC21/slim">
 <record>
  <leader>00526nam a22001571  4500</leader>
  <controlfield tag="001">1/17827</controlfield>
  <controlfield tag="008">010928s1964    enk             1   eng d</controlfield>
  <datafield tag="035" ind1=" " ind2=" ">
   <subfield code="l">18352</subfield>
  </datafield>
  <datafield tag="040" ind1=" " ind2=" ">
   <subfield code="a">DLC</subfield>
   <subfield code="b">GR-PeUP</subfield>
  </datafield>
  <datafield tag="082" ind1="0" ind2="0">
   <subfield code="a">526.8 BI</subfield>
  </datafield>
  <datafield tag="100" ind1="1" ind2=" ">
   <subfield code="a">Bieberbach, Ludwig</subfield>
   <subfield code="d">(1886- )</subfield>
  </datafield>
  <datafield tag="245" ind1="1" ind2="0">
   <subfield code="a">Conformal mapping/</subfield>
   <subfield code="c">L. Bieberbach ; Translated by F. Steinhardt.</subfield>
  </datafield>
  <datafield tag="260" ind1=" " ind2=" ">
   <subfield code="a">New York:</subfield>
   <subfield code="b">Chelsea Pub.,</subfield>
   <subfield code="c">[1964]</subfield>
  </datafield>
  <datafield tag="300" ind1=" " ind2=" ">
   <subfield code="a">vi, 234 p.:</subfield>
   <subfield code="b">ill.;</subfield>
   <subfield code="c">18 cm.</subfield>
  </datafield>
  <datafield tag="650" ind1=" " ind2="4">
   <subfield code="a">Surfaces, Representation of.</subfield>
  </datafield>
  <datafield tag="852" ind1=" " ind2=" ">
   <subfield code="a">INST</subfield>
   <subfield code="b">UNIPILB</subfield>
   <subfield code="c">MAIN</subfield>
   <subfield code="e">20040709</subfield>
   <subfield code="h">526.8 BI</subfield>
   <subfield code="p">00136857</subfield>
   <subfield code="q">00136857</subfield>
   <subfield code="t">LOAN</subfield>
   <subfield code="y">0</subfield>
   <subfield code="4">1</subfield>
  </datafield>
 </record>
</collection>
